Adaptive optics for astronomical telescopes (Record no. 16478)

MARC details
000 -LEADER
fixed length control field 00642nam a2200205Ia 4500
003 - CONTROL NUMBER IDENTIFIER
control field IN-BaIIA
008 - FIXED-LENGTH DATA ELEMENTS--GENERAL INFORMATION
fixed length control field 211028s9999 xx 000 0 eng d
020 ## - INTERNATIONAL STANDARD BOOK NUMBER
International Standard Book Number 0-19-509019-5
040 ## - CATALOGING SOURCE
Transcribing agency IIA Library
080 ## - UNIVERSAL DECIMAL CLASSIFICATION NUMBER
Universal Decimal Classification number 535.317
Item number HAR
100 ## - MAIN ENTRY--PERSONAL NAME
Personal name Hardy, John W.
9 (RLIN) 30581
245 #0 - TITLE STATEMENT
Title Adaptive optics for astronomical telescopes
Statement of responsibility, etc. John W. Hardy
260 ## - PUBLICATION, DISTRIBUTION, ETC.
Place of publication, distribution, etc. New York
Name of publisher, distributor, etc. Oxford University Press
Date of publication, distribution, etc. 1998
300 ## - PHYSICAL DESCRIPTION
Extent x, 438p.
490 ## - SERIES STATEMENT
Series statement Oxford series in optical and imaging science; 16
650 ## - SUBJECT ADDED ENTRY--TOPICAL TERM
Topical term or geographic name entry element Adaptive
9 (RLIN) 30582
650 ## - SUBJECT ADDED ENTRY--TOPICAL TERM
Topical term or geographic name entry element Astronomical telescope
9 (RLIN) 30583
650 ## - SUBJECT ADDED ENTRY--TOPICAL TERM
Topical term or geographic name entry element Optics
942 ## - ADDED ENTRY ELEMENTS (KOHA)
Koha item type Books
Holdings
Withdrawn status Lost status Damaged status Not for loan Home library Current library Shelving location Date acquired Source of acquisition Cost, normal purchase price Total Checkouts Total Renewals Full call number Barcode Date last seen Date last checked out Cost, replacement price Price effective from Koha item type Purchase Price
        IIA Library-Bangalore IIA Library-Bangalore General Stacks 02/06/2007 ALL 9316.00 7 6 535.317/ HAR 17400 13/03/2026 13/03/2026 9316.00 02/06/2007 Books Rs. 9316.00

Powered by Koha